000
00328nam a2200145Ia 4500
100
_a
AICTE
942
_c
BK
654
_a
Ergonomics
245
_a
Ergonomics CO-NO : 264
260
_b
Continuing Education Programmer AICTE
_a
Bangalore
_c
1993
082
_a
620.82
_b
AICTE
300
_a
81
546
_a
ENGLISH
999
_c
28691
_d
28691